Biosensors.Fundametals and Applications /

Gespeichert in:
Bibliographische Detailangaben
Hauptverfasser: Turner, Anthony P.F (Verfasst von), Karube, Isao (Verfasst von), Wilson, George S (Verfasst von)
Format: Buch
Veröffentlicht: Oxford : Oxford University Press, 1987
Tags: Tag hinzufügen
Keine Tags, Fügen Sie das erste Tag hinzu!

MARC

LEADER 00000nam a22000003a 4500
001 stu16360
005 20150617225757.5
008 ------s1987----uk----------------------d
040 |a STU  |b slo 
041 0
044 |a uk 
080 |a 577.3  |7 stu_us_auth*stu7323 
100 1 |a Turner, Anthony P.F  |4 aut 
245 1 |a Biosensors.Fundametals and Applications /  |c [aut.]Turner,Anthony P.F., Karube,Isao, Wilson,George S 
260 |a Oxford :  |b Oxford University Press,  |c 1987 
300 |a 770 :  |b Obr.,tab.,grafy,lit.,index 
700 1 |a Karube, Isao  |4 aut 
700 1 |a Wilson, George S  |4 aut 
996 |b C86086  |c C*86086  |l CCII  |s P  |a 0  |w stu16360_0001